Sarkar Raj (Record no. 34598)

MARC details
000 -LEADER
fixed length control field 02167nam a22003737a 4500
003 - CONTROL NUMBER IDENTIFIER
control field dpl
005 - DATE AND TIME OF LATEST TRANSACTION
control field 20100311153833.0
007 - PHYSICAL DESCRIPTION FIXED FIELD--GENERAL INFORMATION
fixed length control field DVD
008 - FIXED-LENGTH DATA ELEMENTS--GENERAL INFORMATION
fixed length control field 080917t xxu||||| |||| 00| 0 eng d
010 ## - LIBRARY OF CONGRESS CONTROL NUMBER
LC control number DVD-006386-6391
024 ## - OTHER STANDARD IDENTIFIER
Source of number or code TSDVD-2416
Terms of availability 49.00
035 ## - SYSTEM CONTROL NUMBER
System control number DVD-000687-688
035 ## - SYSTEM CONTROL NUMBER
System control number DVD-006386-6391
040 ## - CATALOGING SOURCE
Original cataloging agency DPL
Transcribing agency DPL
082 ## - DEWEY DECIMAL CLASSIFICATION NUMBER
Classification number DVD SARK
245 ## - TITLE STATEMENT
Title Sarkar Raj
Statement of responsibility, etc Adlabs Presents
Medium [Videorecording] DVD /
260 ## - PUBLICATION, DISTRIBUTION, ETC. (IMPRINT)
Place of publication, distribution, etc New Delhi
Name of publisher, distributor, etc Super Cassettes Industries Ltd.
300 ## - PHYSICAL DESCRIPTION
Extent 1 Videodisc DVD;
Other physical details sd., col.;
Dimensions 4 3/4 in.
Type of unit DVD
440 ## - SERIES STATEMENT/ADDED ENTRY--TITLE
Title Super Cassette Industries
538 ## - SYSTEM DETAILS NOTE
System details note Dolby Digital 2.1; Subtitles, English, Tamil, Telgu; Regions, Universal
650 ## - SUBJECT ADDED ENTRY--TOPICAL TERM
Topical term or geographic name as entry element Motion Picture
700 ## - ADDED ENTRY--PERSONAL NAME
Personal name Varma, Ramgopal
700 ## - ADDED ENTRY--PERSONAL NAME
Personal name Bachan, Amitabh
700 ## - ADDED ENTRY--PERSONAL NAME
Personal name Bachchan, Abhishek
700 ## - ADDED ENTRY--PERSONAL NAME
Personal name Rai, Aishwarya
942 ## - ADDED ENTRY ELEMENTS (KOHA)
Source of classification or shelving scheme Dewey Decimal Classification
Koha item type CD-ROMs, DVDs, VHS
Classification part DVD
Call number suffix SARK
Holdings
Withdrawn status Lost status Source of classification or shelving scheme Damaged status Not for loan Home library Current library Date acquired Source of acquisition Cost, normal purchase price Total Checkouts Full call number Barcode Date last seen Date checked out Copy number Cost, replacement price Price effective from Koha item type
    Dewey Decimal Classification     Central Library Central Library 11/03/2010 Pioneers/1099/25-12-09/325/13-10-09 /30-12-09 49.00 10 DVD SARK DVD-006386 14/10/2013 19/09/2013 1 49.00 11/03/2010 CD-ROMs, DVDs, VHS
    Dewey Decimal Classification     Janak Puri Janak Puri 11/03/2010 Pioneers/1099/25-12-09/325/13-10-09 /30-12-09 49.00 10 DVD SARK DVD-006388 27/02/2013 12/02/2013 1 49.00 11/03/2010 CD-ROMs, DVDs, VHS
    Dewey Decimal Classification     Karol Bagh Karol Bagh 11/03/2010 Pioneers/1099/25-12-09/325/13-10-09 /30-12-09 49.00 6 DVD SARK DVD-006389 12/03/2012 04/03/2012 1 49.00 11/03/2010 CD-ROMs, DVDs, VHS
    Dewey Decimal Classification     Narela Narela 11/03/2010 Pioneers/1099/25-12-09/325/13-10-09 /30-12-09 49.00   DVD SARK DVD-006390 11/03/2010   1 49.00 11/03/2010 CD-ROMs, DVDs, VHS
    Dewey Decimal Classification     Patel Nagar Patel Nagar 11/03/2010 Pioneers/1099/25-12-09/325/13-10-09 /30-12-09 49.00 3 DVD SARK DVD-006387 08/08/2011 06/08/2011 1 49.00 11/03/2010 CD-ROMs, DVDs, VHS
    Dewey Decimal Classification     Shahdara Branch Shahdara Branch 11/03/2010 Pioneers/1099/25-12-09/325/13-10-09 /30-12-09 49.00   DVD SARK DVD-006391 11/03/2010   1 49.00 11/03/2010 CD-ROMs, DVDs, VHS

© Delhi Public Library
Hit Counter
free hit counter